000 00696nam a2200265Ia 4500
001 18216
003 GE_BSU
008 181216s||||||||xx |||||||||||||| ||und||
010 _a9780345401557
040 _cGE_BSU
080 _a612.6
100 _aHayflick, Leonard.
245 _aHow and why we age
245 _cwith a foreword by: Robert N. Butler.
260 _aNew York
260 _bBallantine Books,
260 _c1996
300 _axxii, 377 p. ; 24 cm.
541 _h50 Gel.
653 _aAging--Popular works. Aging--Physiological aspects.
653 _aHow and why we age
653 _aმედიცინა
653 _aფიზიოლოგია
942 _cBK
999 _c51254
_d51254